Saqafat kiya hay? = ثقافت کیا ہے؟ / (Record no. 38721)
[ view plain ]
| 000 -LEADER | |
|---|---|
| fixed length control field | 00703nam a2200205Ia 4500 |
| 001 - CONTROL NUMBER | |
| control field | 39412 |
| 005 - DATE AND TIME OF LATEST TRANSACTION | |
| control field | 20231120100608.0 |
| 008 - FIXED-LENGTH DATA ELEMENTS--GENERAL INFORMATION | |
| fixed length control field | 140423s9999 xx 000 0 und d |
| 020 ## - INTERNATIONAL STANDARD BOOK NUMBER | |
| International Standard Book Number | NA |
| 040 ## - CATALOGING SOURCE | |
| Transcribing agency | PK-LaUMT |
| 082 ## - DEWEY DECIMAL CLASSIFICATION NUMBER | |
| Classification number | PKAC 306 |
| Item number | AHM-S |
| 100 ## - MAIN ENTRY--PERSONAL NAME | |
| Personal name | Ahmad Nadeem Qasimi = احمد ندیم قاسمی |
| 245 ## - TITLE STATEMENT | |
| Title | Saqafat kiya hay? = ثقافت کیا ہے؟ / |
| Statement of responsibility, etc | by Ahmad Nadeem Qasimi, Khalifa Abdul Hakeem and Muhammad Ajmal = اھمد ندیم قاسمی، خلیفہ عبدالحکیم اور محمد اجمل |
| 260 ## - PUBLICATION, DISTRIBUTION, ETC. (IMPRINT) | |
| Place of publication, distribution, etc | Lahore: |
| Name of publisher, distributor, etc | Idarah-e-Siqafat i Islamiah, |
| Date of publication, distribution, etc | 1999 |
| 300 ## - PHYSICAL DESCRIPTION | |
| Extent | 54 p. |
| 546 ## - LANGUAGE NOTE | |
| Language note | UR |
| 700 ## - ADDED ENTRY--PERSONAL NAME | |
| Personal name | Ajmal, Muhammad |
| 700 ## - ADDED ENTRY--PERSONAL NAME | |
| Personal name | Nadeem Qasmi, Ahmad |
| 942 ## - ADDED ENTRY ELEMENTS (KOHA) | |
| Koha item type | Books |
| Withdrawn status | Lost status | Damaged status | Home library | Current library | Date acquired | Full call number | Barcode | Date last seen | Price effective from | Koha item type | Copy number |
|---|---|---|---|---|---|---|---|---|---|---|---|
| UMT Main Campus | UMT Main Campus | 2014-04-23 | 306 NAD-S | 42189 | 2023-12-01 | 2014-05-05 | Books | ||||
| UMT Main Campus | UMT Main Campus | 2023-11-17 | PKAC 306 AHM-S | 145734 | 2023-11-17 | 2023-11-17 | Books | C.2 |
